Coldest Countries A-Z - Statistics

General Stats
  • This quiz has been taken 127 times
    78 since last reset
  • The average score is 20 of 24
Answer Stats
° C Country % Correct
F 1.70 Finland
99%
N 1.50 Norway
99%
S 2.10 Sweden
97%
C -5.35 Canada
96%
R -5.10 Russia
96%
O 25.60 Oman
94%
Q 27.15 Qatar
94%
D 7.50 Denmark
93%
E 5.10 Estonia
92%
I 1.75 Iceland
90%
L 5.60 Latvia
90%
Y 23.85 Yemen
89%
Z 21 Zimbabwe
89%
P 7.85 Poland
85%
J 11.15 Japan
83%
M -0.70 Mongolia
81%
H 9.75 Hungary
78%
B 6.15 Belarus
76%
A 6.35 Austria
75%
U 8.30 Ukraine
71%
K 1.55 Kyrgyzstan
69%
G 5.80 Georgia
67%
V 15.20 Vatican City
67%
T 2.00 Tajikistan
61%
No matching quizzes found
Score Distribution
Percent of People with Each Score
Percentile by Number Answered
Your Score History
You have not taken this quiz since the last reset